[Event "Capricorne U1400"]
[Site "Chambly CAN"]
[Date "2025.01.08"]
[Round "1.11"]
[White "Lauzon, Francois"]
[Black "Laplante, Germain"]
[Result "0-1"]
[WhiteElo "1281"]
[BlackElo "1159"]
[WhiteFideId "-1"]
[WhiteFideId "-1"]
[PlyCount "82"]
[GameId "2191150456829394"]
[EventDate "2025.01.08"]
[EventType "swiss"]
[EventRounds "4"]
[EventCountry "CAN"]

1. e4 c6 2. d4 d5 3. exd5 cxd5 4. Nc3 Bf5 5. Bf4 a6 6. Bd3 Bg6 7. Nf3 e6 8. O-O Nf6 9. Re1 Ne4 10. Ne2 Be7 11. Ne5 Bh5 12. f3 Nf6 13. Ng3 Nbd7 14. Nxd7 Qxd7 15. Nxh5 Nxh5 16. Bd2 O-O 17. a3 Qd6 18. Bb4 Qd7 19. Bxe7 Qxe7 20. c3 Nf4 21. Qd2 Qg5 22. Bf1 Nh3+ 23. Kh1 Qxd2 24. gxh3 Qxb2 25. c4 Qxd4 26. cxd5 Qxd5 27. Bg2 Qd2 28. Red1 Rad8 29. Rxd2 Rxd2 30. Rg1 Rfd8 31. h4 Rd1 32. h3 Rxg1+ 33. Kxg1 b5 34. Bf1 Rd1 35. Kf2 Ra1 36. h5 Rxa3 37. h4 b4 38. Bc4 Rc3 39. Bxa6 b3 40. Ke2 b2 41. Bd3 Rxd3 0-1

[Event "Capricorne U1400"]
[Site "Chambly CAN"]
[Date "2025.01.08"]
[Round "1.12"]
[White "Raymond, Pierre"]
[Black "Coutu, Olivier"]
[Result "1-0"]
[WhiteElo "1107"]
[BlackElo "1254"]
[WhiteFideId "-1"]
[WhiteFideId "-1"]
[PlyCount "67"]
[GameId "2191150456829395"]
[EventDate "2025.01.08"]
[EventType "swiss"]
[EventRounds "4"]
[EventCountry "CAN"]

1. e4 e5 2. Nf3 Nc6 3. Bb5 Qf6 4. d3 h6 5. Nc3 Bb4 6. O-O Bxc3 7. bxc3 Nge7 8. Bb2 d6 9. d4 Bg4 10. Qd3 Bxf3 11. Qxf3 Qxf3 12. gxf3 a6 13. Bxc6+ bxc6 14. c4 Ng6 15. dxe5 dxe5 16. f4 f6 17. fxe5 fxe5 18. Kh1 Rd8 19. Rac1 Rf8 20. Rce1 Rd2 21. Rg1 Rfxf2 22. Rxg6 Rxh2+ 23. Kg1 Rxc2 24. Bxe5 Rh5 25. Bxc7 Kf7 26. Rg2 Rxc4 27. Rf1+ Kg8 28. e5 Rch4 29. Rf3 Rh1+ 30. Kf2 Ra1 31. Ke3 Re1+ 32. Kd4 Rh4+ 33. Kc5 Rc1+ 34. Kd6 1-0

[Event "Capricorne U1400"]
[Site "Chambly CAN"]
[Date "2025.01.15"]
[Round "2.9"]
[White "Alameddine, Karim"]
[Black "Tarte, Ariste"]
[Result "1-0"]
[WhiteElo "1322"]
[BlackElo "1191"]
[WhiteFideId "-1"]
[WhiteFideId "-1"]
[PlyCount "71"]
[GameId "2191150456849886"]
[EventDate "2025.01.08"]
[EventType "swiss"]
[EventRounds "4"]
[EventCountry "CAN"]

1. e4 c6 2. d3 d5 3. Qe2 f6 4. h3 e5 5. Qh5+ g6 6. Qe2 Bd6 7. c3 Ne7 8. Qc2 Be6 9. Nd2 Nd7 10. b4 a6 11. a3 a5 12. Bb2 O-O 13. Ngf3 f5 14. Ng5 Rf6 15. Nxe6 Rxe6 16. Be2 Rf6 17. O-O Qf8 18. Bf3 Qh6 19. Bc1 g5 20. exf5 axb4 21. a4 Nxf5 22. Bg4 Nf8 23. cxb4 Bxb4 24. Qb3 Bxd2 25. Bxd2 Rb8 26. a5 Nd4 27. Qb6 c5 28. Qxc5 Rc6 29. Qxd5+ Nfe6 30. Qxe5 Rc2 31. Qxb8+ Kf7 32. Qxb7+ Kf6 33. Be3 Qg6 34. Qa6 Kf7 35. Bxd4 Qg8 36. Bxe6+ 1-0

[Event "Capricorne U1400"]
[Site "Chambly CAN"]
[Date "2025.01.15"]
[Round "2.10"]
[White "Laplante, Germain"]
[Black "Hebert, Sebastien"]
[Result "1-0"]
[WhiteElo "1159"]
[BlackElo "1252"]
[WhiteFideId "-1"]
[WhiteFideId "-1"]
[PlyCount "83"]
[GameId "2191150456849887"]
[EventDate "2025.01.08"]
[EventType "swiss"]
[EventRounds "4"]
[EventCountry "CAN"]

1. d4 d5 2. Bf4 Nf6 3. h3 h6 4. e3 Bf5 5. Nd2 a6 6. Ngf3 e6 7. Be2 Bd6 8. Ne5 Nfd7 9. Ndf3 c5 10. Nxf7 Kxf7 11. Bxd6 Qa5+ 12. c3 c4 13. Ne5+ Nxe5 14. Bxe5 Rf8 15. O-O Nd7 16. Bg3 Nf6 17. Bf3 Kg8 18. Re1 Qb6 19. Qd2 Be4 20. Bxe4 Nxe4 21. Qe2 Nxg3 22. fxg3 Qd6 23. Kh2 Rf6 24. e4 Rf7 25. e5 Qe7 26. Rf1 Raf8 27. Rxf7 Rxf7 28. Rf1 b5 29. Rxf7 Qxf7 30. Qf3 Qg6 31. Qg4 Qxg4 32. hxg4 g5 33. Kg1 Kf7 34. Kf1 Ke7 35. a3 Kd7 36. Ke2 Kc6 37. Kd2 Kb6 38. Kc2 Ka5 39. b4+ Ka4 40. Kb2 a5 41. Ka2 axb4 42. Kb2 1-0

[Event "Capricorne U1400"]
[Site "Chambly CAN"]
[Date "2025.01.15"]
[Round "2.11"]
[White "Isabel, Patrick"]
[Black "Raymond, Pierre"]
[Result "1-0"]
[WhiteElo "1258"]
[BlackElo "1107"]
[WhiteFideId "-1"]
[WhiteFideId "-1"]
[PlyCount "61"]
[GameId "2191150456853984"]
[EventDate "2025.01.08"]
[EventType "swiss"]
[EventRounds "4"]
[EventCountry "CAN"]

1. d4 Nf6 2. Nc3 e6 3. e4 Bb4 4. e5 Bxc3+ 5. bxc3 Nd5 6. c4 Ne7 7. Qg4 g6 8. Bg5 h6 9. Qh4 h5 10. Bf6 Rg8 11. Nf3 c5 12. O-O-O Na6 13. d5 Nb4 14. a3 Na2+ 15. Kb2 Nc3 16. Kxc3 Qa5+ 17. Kb3 Nf5 18. Qe4 Qb6+ 19. Ka2 d6 20. dxe6 Bxe6 21. Ng5 Rc8 22. Nxe6 fxe6 23. exd6 Kd7 24. Rb1 Nxd6 25. Qd3 Qc7 26. Be2 a6 27. Rhd1 Ra8 28. Be5 b5 29. Bxd6 Qa5 30. Bxc5+ Kc7 31. Qd7+ 1-0

[Event "Capricorne U1400"]
[Site "Chambly CAN"]
[Date "2025.01.15"]
[Round "2.12"]
[White "Bonin, Francis"]
[Black "Roy, Nicholas"]
[Result "1-0"]
[WhiteElo "1253"]
[BlackElo "1078"]
[WhiteFideId "-1"]
[WhiteFideId "-1"]
[PlyCount "97"]
[GameId "2191150456853985"]
[EventDate "2025.01.08"]
[EventType "swiss"]
[EventRounds "4"]
[EventCountry "CAN"]

1. e4 e6 2. d4 d5 3. e5 c5 4. c3 Qb6 5. Nf3 Bd7 6. Be2 Bb5 7. b3 Bxe2 8. Qxe2 Nc6 9. Be3 cxd4 10. Bxd4 Bc5 11. Bxc5 Qxc5 12. O-O Nge7 13. Rc1 O-O 14. Nbd2 Qb6 15. Qd3 Ng6 16. Re1 Rad8 17. Rad1 Qc7 18. Qe3 Ncxe5 19. Nxe5 Nxe5 20. Qxe5 Qxe5 21. Rxe5 Rc8 22. c4 Rfd8 23. Rde1 a5 24. a4 b6 25. h4 Rc5 26. Kh2 Kf8 27. g4 d4 28. Kg3 Rxe5 29. Rxe5 Ke7 30. Rb5 Rd6 31. c5 Rd5 32. cxb6 Rxb5 33. axb5 Kd7 34. Nc4 d3 35. Kf3 d2 36. Ke2 Kc8 37. Nd6+ Kb8 38. b7 d1=Q+ 39. Kxd1 f5 40. gxf5 exf5 41. Kd2 h6 42. Kd3 g5 43. hxg5 hxg5 44. Kd4 Kc7 45. b6+ Kb8 46. Kc5 f4 47. Kc6 g4 48. Ne8 g3 49. Nf6 1-0

[Event "Capricorne U1400"]
[Site "Chambly CAN"]
[Date "2025.01.15"]
[Round "2.13"]
[White "De Guise, Ronald"]
[Black "Capotorto, Michele"]
[Result "1-0"]
[WhiteElo "1284"]
[BlackElo "987"]
[WhiteFideId "-1"]
[WhiteFideId "-1"]
[PlyCount "51"]
[GameId "2191150456858082"]
[EventDate "2025.01.08"]
[EventType "swiss"]
[EventRounds "4"]
[EventCountry "CAN"]

1. e4 e5 2. Nf3 c6 3. Bc4 Nf6 4. Nc3 Bd6 5. a3 O-O 6. d4 Bc7 7. Bg5 d6 8. h3 b6 9. b4 Be6 10. d5 cxd5 11. Nxd5 Nbd7 12. Qe2 Qb8 13. Ne7+ Kh8 14. Bb5 Rd8 15. Nc6 Qc8 16. Ba6 Qxa6 17. Qxa6 Re8 18. Nd2 h6 19. Be3 Nf8 20. O-O Bc8 21. Qc4 g5 22. Qxf7 Be6 23. Qxf6+ Kg8 24. Ne7+ Kh7 25. Nf5 Bd8 26. Qg7# 1-0

[Event "Capricorne U1400"]
[Site "Chambly CAN"]
[Date "2025.01.15"]
[Round "2.15"]
[White "Coutu, Olivier"]
[Black "Vallee, Genevieve"]
[Result "0-1"]
[WhiteElo "1254"]
[BlackElo "1241"]
[WhiteFideId "-1"]
[WhiteFideId "-1"]
[PlyCount "61"]
[GameId "2191150456862180"]
[EventDate "2025.01.08"]
[EventType "swiss"]
[EventRounds "4"]
[EventCountry "CAN"]

1. b3 e5 2. Bb2 Nc6 3. e4 Nf6 4. Nc3 Bc5 5. Bc4 d6 6. d3 Ng4 7. Nh3 O-O 8. Nd5 Nf6 9. Qf3 Nxd5 10. Bxd5 Nd4 11. Bxd4 Bxd4 12. Rc1 Bc3+ 13. Ke2 c6 14. Bxc6 bxc6 15. a4 Qh4 16. Qg3 Qg4+ 17. Qxg4 Bxg4+ 18. f3 Be6 19. g4 d5 20. Nf2 Rad8 21. h4 f6 22. Rh2 Rf7 23. Rch1 a5 24. Nd1 Bd4 25. c3 Bb6 26. g5 d4 27. c4 Rdf8 28. Rf1 Bc7 29. Kd2 Bd8 30. Rg1 h6 31. gxh6 {et les Blancs l'ont emportE quelques coups plus tard. Les feuilles de parties sont incohErentes.} 0-1

[Event "Capricorne U1400"]
[Site "Chambly CAN"]
[Date "2025.01.22"]
[Round "3.9"]
[White "Laplante, Germain"]
[Black "Alameddine, Karim"]
[Result "1/2-1/2"]
[WhiteElo "1159"]
[BlackElo "1322"]
[WhiteFideId "-1"]
[WhiteFideId "-1"]
[PlyCount "102"]
[GameId "2191150456874477"]
[EventDate "2025.01.08"]
[EventType "swiss"]
[EventRounds "4"]
[EventCountry "CAN"]

1. d4 d6 2. Bf4 c6 3. e3 Nd7 4. Nf3 Qc7 5. c4 e5 6. dxe5 dxe5 7. Bg3 Ngf6 8. Nc3 Be7 9. h3 O-O 10. Be2 b6 11. a3 Bb7 12. O-O Bd6 13. Qc2 Rfe8 14. Ng5 h6 15. Nge4 Nxe4 16. Nxe4 Be7 17. Rad1 Nf6 18. Rd4 c5 19. Nxf6+ Bxf6 20. Rd2 Qe7 21. Rfd1 Rad8 22. Rxd8 Rxd8 23. Rxd8+ Qxd8 24. Bd3 e4 25. Be2 Qe7 26. b3 g6 27. Qd1 Kh7 28. Qd6 Bc8 29. Qxe7 Bxe7 30. Bb8 a6 31. Bc7 Bb7 32. Bxb6 f5 33. f3 Kg7 34. Kf2 Kf6 35. f4 Ke6 36. Ba5 Bc8 37. b4 cxb4 38. axb4 h5 39. b5 Bc5 40. b6 Bb7 41. g4 hxg4 42. hxg4 Kd6 43. gxf5 gxf5 44. Bh5 Ke6 45. Ke2 Bc6 46. Kd2 Bb7 47. Bg6 Bc8 48. Be8 Bb7 49. Ba4 Kf6 50. Bd7 Kg6 51. Ke2 Kf6 1/2-1/2

[Event "Capricorne U1400"]
[Site "Chambly CAN"]
[Date "2025.01.22"]
[Round "3.10"]
[White "Doyon, Martin"]
[Black "Isabel, Patrick"]
[Result "1-0"]
[WhiteElo "1289"]
[BlackElo "1258"]
[WhiteFideId "-1"]
[WhiteFideId "-1"]
[PlyCount "57"]
[GameId "2191150456878574"]
[EventDate "2025.01.08"]
[EventType "swiss"]
[EventRounds "4"]
[EventCountry "CAN"]

1. Nf3 d5 2. g3 Nf6 3. Bg2 c6 4. d3 Nbd7 5. O-O e6 6. Nbd2 Be7 7. c4 O-O 8. cxd5 exd5 9. b3 a6 10. Bb2 Re8 11. Re1 Bb4 12. a3 Bxd2 13. Qxd2 h6 14. Rac1 Re7 15. Qc3 Qe8 16. e3 a5 17. a4 Ra6 18. Ba3 Ne5 19. Bxe7 Nxf3+ 20. Bxf3 Qxe7 21. e4 Qd7 22. exd5 Qh3 23. Bg2 Qh5 24. dxc6 Ng4 25. h4 Qf5 26. Re8+ Kh7 27. Be4 Rxc6 28. Bxf5+ g6 29. Qh8# 1-0

[Event "Capricorne U1400"]
[Site "Chambly CAN"]
[Date "2025.01.22"]
[Round "3.11"]
[White "Hebert, Sebastien"]
[Black "Bonin, Francis"]
[Result "1-0"]
[WhiteElo "1252"]
[BlackElo "1253"]
[WhiteFideId "-1"]
[WhiteFideId "-1"]
[PlyCount "111"]
[GameId "2191150456878575"]
[EventDate "2025.01.08"]
[EventType "swiss"]
[EventRounds "4"]
[EventCountry "CAN"]

1. e4 e5 2. Bc4 Nf6 3. d3 Bc5 4. Nf3 d6 5. h3 Be6 6. Bxe6 fxe6 7. Nc3 c6 8. O-O Qe7 9. Re1 Nbd7 10. a3 a5 11. Be3 b5 12. Bxc5 dxc5 13. Ne2 h6 14. a4 b4 15. c3 O-O-O 16. cxb4 cxb4 17. Qc2 Kb7 18. Rac1 Rc8 19. d4 exd4 20. Nexd4 c5 21. Nb5 Kb6 22. Red1 e5 23. Nd6 Rc6 24. Nc4+ Ka6 25. Qe2 Ka7 26. Nxa5 Rd6 27. Qb5 Rxd1+ 28. Rxd1 Nb8 29. Nc6+ Nxc6 30. Qxc6 Rd8 31. Rxd8 Qxd8 32. Qxc5+ Ka8 33. Qxe5 Qd1+ 34. Kh2 Qxa4 35. Nd4 b3 36. f3 Kb7 37. Qb5+ Qxb5 38. Nxb5 Nd7 39. Nd4 Nc5 40. Kg3 Kc7 41. Kg4 g6 42. h4 Kd6 43. Kf4 Nd3+ 44. Ke3 Nxb2 45. Nxb3 Ke5 46. f4+ Kf6 47. g4 g5 48. e5+ Ke7 49. hxg5 hxg5 50. f5 Nd1+ 51. Kf3 Nc3 52. f6+ Kf7 53. Nc5 Nd5 54. Ne4 Kg6 55. Nxg5 Kxg5 56. f7 1-0

[Event "Capricorne U1400"]
[Site "Chambly CAN"]
[Date "2025.01.22"]
[Round "3.12"]
[White "Raymond, Pierre"]
[Black "De Guise, Ronald"]
[Result "0-1"]
[WhiteElo "1107"]
[BlackElo "1284"]
[WhiteFideId "-1"]
[WhiteFideId "-1"]
[PlyCount "75"]
[GameId "2191150456882672"]
[EventDate "2025.01.08"]
[EventType "swiss"]
[EventRounds "4"]
[EventCountry "CAN"]

1. e4 e5 2. Nf3 Nc6 3. Bb5 d6 4. d4 Bd7 5. d5 Nce7 6. Nc3 a6 7. Be2 h6 8. O-O Ng6 9. Be3 Be7 10. Bd3 Nf6 11. Ne2 Ng4 12. Ng3 Nh4 13. h3 Nxe3 14. fxe3 Nxf3+ 15. Qxf3 O-O 16. Nf5 Bg5 17. Qg3 Bxf5 18. exf5 c5 19. dxc6 bxc6 20. Qf3 Qb6 21. Rae1 d5 22. Qg3 e4 23. Kh1 Qxb2 24. Be2 Qf6 25. Bh5 Bh4 26. Bxf7+ Rxf7 27. Qg6 Bxe1 28. Rxe1 Qxf5 29. Qxc6 Rc8 30. Qa4 Qf2 31. Rg1 Qxe3 32. Qxa6 Rc5 33. Qe6 Qf4 34. Qe8+ Kh7 35. a4 Rxc2 36. a5 e3 37. Qb5 Qe4 38. Qa4 0-1

[Event "Capricorne U1400"]
[Site "Chambly CAN"]
[Date "2025.01.22"]
[Round "3.13"]
[White "Vallee, Genevieve"]
[Black "Tarte, Ariste"]
[Result "1-0"]
[WhiteElo "1241"]
[BlackElo "1191"]
[WhiteFideId "-1"]
[WhiteFideId "-1"]
[PlyCount "83"]
[GameId "2191150456882673"]
[EventDate "2025.01.08"]
[EventType "swiss"]
[EventRounds "4"]
[EventCountry "CAN"]

1. e4 c6 2. d4 d5 3. e5 Bf5 4. Nf3 e6 5. c4 Bb4+ 6. Nc3 Ne7 7. Bd2 O-O 8. a3 Ba5 9. b4 Bc7 10. c5 Nd7 11. Be2 Ng6 12. Bg5 f6 13. exf6 Nxf6 14. O-O Qb8 15. g3 e5 16. Re1 e4 17. Nd2 Re8 18. Nf1 b6 19. Bxf6 gxf6 20. Ne3 Be6 21. Bg4 Bxg4 22. Qxg4 bxc5 23. bxc5 Ba5 24. Rec1 Qb2 25. Ne2 Qb8 26. Nf4 Kf7 27. Qh5 Rh8 28. Nf5 Bd2 29. Rcb1 Qc7 30. Nd6+ Ke7 31. Rb7 Qxb7 32. Nxb7 Nxf4 33. gxf4 Bxf4 34. Nd6 Bxd6 35. cxd6+ Kxd6 36. Rb1 Rag8+ 37. Kf1 Rg5 38. Qf7 Rhg8 39. Rb7 Rg1+ 40. Ke2 Re1+ 41. Kxe1 Rg1+ 42. Ke2 1-0

[Event "Capricorne U1400"]
[Site "Chambly CAN"]
[Date "2025.01.22"]
[Round "3.15"]
[White "Roy, Nicholas"]
[Black "Capotorto, Michele"]
[Result "1-0"]
[WhiteElo "1078"]
[BlackElo "987"]
[WhiteFideId "-1"]
[WhiteFideId "-1"]
[PlyCount "49"]
[GameId "2191150456882675"]
[EventDate "2025.01.08"]
[EventType "swiss"]
[EventRounds "4"]
[EventCountry "CAN"]

1. c4 e5 2. Nc3 Nc6 3. g3 d6 4. Bg2 Nf6 5. e4 Nd4 6. Nge2 c5 7. Nxd4 exd4 8. Nd5 Bg4 9. Qb3 Bh5 10. O-O b6 11. d3 Be7 12. Qb5+ Kf8 13. Bf4 Ng4 14. h3 Ne5 15. Bxe5 dxe5 16. f4 Be2 17. Rf2 Bxd3 18. fxe5 Bg5 19. e6 g6 20. Rxf7+ Kg8 21. e5 Qb8 22. Nc7 Be3+ 23. Kh2 Qd8 24. Bxa8 Qg5 25. Qe8# 1-0

[Event "Capricorne U1400"]
[Site "Chambly CAN"]
[Date "2025.01.22"]
[Round "3.16"]
[White "Morasse, Daniel"]
[Black "Coutu, Olivier"]
[Result "1-0"]
[WhiteElo "1338"]
[BlackElo "1254"]
[WhiteFideId "-1"]
[WhiteFideId "-1"]
[PlyCount "21"]
[GameId "2191150456882676"]
[EventDate "2025.01.08"]
[EventType "swiss"]
[EventRounds "4"]
[EventCountry "CAN"]

1. e4 e5 2. f4 exf4 3. Nf3 d6 4. d4 Bg4 5. Bxf4 Bxf3 6. Qxf3 Nc6 7. Qf2 g5 8. Be3 Be7 9. Bc4 h6 10. Bxf7+ Kd7 11. Qf5# 1-0

[Event "Capricorne U1400"]
[Site "Chambly CAN"]
[Date "2025.01.22"]
[Round "3.17"]
[White "Lauzon, Francois"]
[Black "Lecompte, Christian"]
[Result "0-1"]
[WhiteElo "1281"]
[BlackElo "1234"]
[WhiteFideId "-1"]
[WhiteFideId "-1"]
[PlyCount "106"]
[GameId "2191150456882677"]
[EventDate "2025.01.08"]
[EventType "swiss"]
[EventRounds "4"]
[EventCountry "CAN"]

1. d4 Nf6 2. c4 d5 3. Nc3 e6 4. Nf3 Bb4 5. a3 Be7 6. cxd5 Nxd5 7. e4 Nxc3 8. bxc3 O-O 9. Bd3 b6 10. O-O Bb7 11. Re1 Nd7 12. e5 c5 13. Be4 Bxe4 14. Rxe4 f5 15. Re2 Rc8 16. d5 exd5 17. Qxd5+ Kh8 18. c4 Nb8 19. Bf4 Nc6 20. Rd2 Qc7 21. Qd7 Nb8 22. Qd3 Rcd8 23. Qc3 Rxd2 24. Nxd2 Rd8 25. g3 Nc6 26. Nf3 Nd4 27. Re1 Nxf3+ 28. Qxf3 Qd7 29. Kg2 Qa4 30. h4 Qxc4 31. Bg5 Bxg5 32. hxg5 Qd5 33. Qxd5 Rxd5 34. e6 Rd8 35. e7 Re8 36. Rd1 Kg8 37. Rd8 Kf7 38. g6+ hxg6 39. Rxe8 Kxe8 40. Kf1 Kxe7 41. Ke2 Ke6 42. Kd2 Kd5 43. Kc3 g5 44. f3 g6 45. Kd3 b5 46. Kc3 f4 47. g4 a5 48. Kd3 c4+ 49. Kc3 Kc5 50. Kc2 Kd4 51. Kd2 b4 52. axb4 axb4 53. Kc2 Ke3 0-1

[Event "Capricorne U1400"]
[Site "Chambly CAN"]
[Date "2025.01.29"]
[Round "4.9"]
[White "Alameddine, Karim"]
[Black "Hebert, Sebastien"]
[Result "1/2-1/2"]
[WhiteElo "1322"]
[BlackElo "1252"]
[WhiteFideId "-1"]
[WhiteFideId "-1"]
[PlyCount "97"]
[GameId "2191150456894974"]
[EventDate "2025.01.08"]
[EventType "swiss"]
[EventRounds "4"]
[EventCountry "CAN"]

1. e4 e5 2. d3 Nf6 3. c3 h6 4. Nf3 d6 5. h3 Be7 6. Be2 O-O 7. O-O a6 8. Qc2 c5 9. b3 b5 10. Bb2 Bd7 11. Nbd2 Nc6 12. c4 b4 13. a4 a5 14. Rfe1 Nh7 15. Red1 Ng5 16. Nxg5 Bxg5 17. Nf3 Bf4 18. g3 Bg5 19. Kh2 Bf6 20. Bf1 Rc8 21. Qe2 Be7 22. Bg2 f5 23. exf5 Bxf5 24. Nd2 Nd4 25. Bxd4 cxd4 26. Bd5+ Kh8 27. Rf1 Qd7 28. Bg2 Be6 29. Nf3 Bf6 30. Nd2 d5 31. cxd5 Bxd5 32. Bxd5 Qxd5 33. Rab1 Rc2 34. Qd1 Rcc8 35. Nc4 e4 36. Nb6 Qf5 37. dxe4 Qxe4 38. Nxc8 Rxc8 39. Rb2 d3 40. Rd2 Rd8 41. f4 Bc3 42. Rg2 Re8 43. Qg4 d2 44. Rd1 Qc2 45. Re2 Rxe2+ 46. Qxe2 Qxb3 47. Qe8+ Kh7 48. Qe4+ Kh8 49. Qe8+ 1/2-1/2

[Event "Capricorne U1400"]
[Site "Chambly CAN"]
[Date "2025.01.29"]
[Round "4.10"]
[White "De Guise, Ronald"]
[Black "Laplante, Germain"]
[Result "1-0"]
[WhiteElo "1284"]
[BlackElo "1159"]
[WhiteFideId "-1"]
[WhiteFideId "-1"]
[PlyCount "71"]
[GameId "2191150456894975"]
[EventDate "2025.01.08"]
[EventType "swiss"]
[EventRounds "4"]
[EventCountry "CAN"]

1. e4 c6 2. d4 d5 3. e5 e6 4. f4 Qb6 5. Nf3 Nh6 6. Bd3 Nd7 7. O-O c5 8. c3 c4 9. Bc2 Be7 10. Ba4 Nf5 11. b4 cxb3 12. axb3 O-O 13. b4 a6 14. Qd3 Qa7 15. Bc2 g6 16. Nbd2 b5 17. Nb3 Qb6 18. Ba3 Bb7 19. Nc5 Nxc5 20. bxc5 Qc6 21. Bb4 Rfc8 22. Nd2 Bd8 23. Nb3 Kg7 24. Na5 Bxa5 25. Bxa5 f6 26. g4 Ne7 27. exf6+ Kxf6 28. Qh3 Kg7 29. Rae1 Qd7 30. f5 exf5 31. gxf5 Rc6 32. f6+ Rxf6 33. Qxd7 Raf8 34. Qxb7 Rxf1+ 35. Rxf1 Rxf1+ 36. Kxf1 1-0

[Event "Capricorne U1400"]
[Site "Chambly CAN"]
[Date "2025.01.29"]
[Round "4.11"]
[White "Tse, Edwin"]
[Black "Vallee, Genevieve"]
[Result "1-0"]
[WhiteElo "1227"]
[BlackElo "1241"]
[WhiteFideId "-1"]
[WhiteFideId "-1"]
[PlyCount "71"]
[GameId "2191150456894976"]
[EventDate "2025.01.08"]
[EventType "swiss"]
[EventRounds "4"]
[EventCountry "CAN"]

1. d4 d5 2. Bg5 Bf5 3. e3 Nd7 4. c4 Ngf6 5. Nc3 e6 6. a3 c6 7. Nf3 Be7 8. cxd5 cxd5 9. Be2 O-O 10. O-O Ne4 11. Bxe7 Qxe7 12. h4 Qf6 13. Bb5 Nb6 14. h5 Bg4 15. Be2 Bxh5 16. Ne5 Bg6 17. Bg4 Bf5 18. Bxf5 Qxf5 19. Rc1 Qg5 20. Nb5 h5 21. Rc2 h4 22. Qf3 f6 23. Ng4 Rac8 24. Nc7 Kf7 25. Rfc1 Nc4 26. Nb5 Rh8 27. Qe2 Rh7 28. b3 Rch8 29. bxc4 h3 30. g3 h2+ 31. Kh1 dxc4 32. Rxc4 Nxg3+ 33. fxg3 Kg6 34. Rc5 e5 35. dxe5 fxe5 36. Nxe5+ 1-0

[Event "Capricorne U1400"]
[Site "Chambly CAN"]
[Date "2025.01.29"]
[Round "4.12"]
[White "Isabel, Patrick"]
[Black "Roy, Nicholas"]
[Result "1-0"]
[WhiteElo "1258"]
[BlackElo "1078"]
[WhiteFideId "-1"]
[WhiteFideId "-1"]
[PlyCount "111"]
[GameId "2191150456894977"]
[EventDate "2025.01.08"]
[EventType "swiss"]
[EventRounds "4"]
[EventCountry "CAN"]

1. d4 d5 2. Nc3 e6 3. Bf4 c5 4. e3 cxd4 5. exd4 Nc6 6. Nf3 Nf6 7. Be2 Bd6 8. Bxd6 Qxd6 9. O-O O-O 10. Re1 a6 11. Bd3 Nb4 12. a3 Nxd3 13. Qxd3 Bd7 14. h3 Rfc8 15. Ne5 b5 16. f3 Ra7 17. Ne2 a5 18. Nc1 a4 19. Nxd7 Qxd7 20. b3 Rac7 21. bxa4 bxa4 22. Re2 Rc3 23. Qd2 Rxc2 24. Qxc2 Rxc2 25. Rxc2 h6 26. Rb1 Qa7 27. Rb4 Nd7 28. Rcb2 Kf8 29. Ne2 Ke7 30. Kf1 g5 31. Ke1 f6 32. Nc3 Qc7 33. Kd2 f5 34. Rc2 Nb6 35. Nxd5+ Nxd5 36. Rxc7+ Nxc7 37. Rxa4 Nb5 38. Kd3 Nc7 39. Ra7 Kd6 40. Kc4 h5 41. a4 h4 42. a5 f4 43. Rxc7 Kxc7 44. Kc5 Kb7 45. Kd6 Ka6 46. Kxe6 Kxa5 47. d5 Kb6 48. Ke7 Kc5 49. d6 Kd4 50. d7 Ke3 51. d8=Q Kf2 52. Qd2+ Kg3 53. Kf6 g4 54. fxg4 Kh2 55. Qxf4+ Kxg2 56. Qe3 1-0

[Event "Capricorne U1400"]
[Site "Chambly CAN"]
[Date "2025.01.29"]
[Round "4.13"]
[White "Bonin, Francis"]
[Black "Morasse, Daniel"]
[Result "1/2-1/2"]
[WhiteElo "1253"]
[BlackElo "1338"]
[WhiteFideId "-1"]
[WhiteFideId "-1"]
[PlyCount "108"]
[GameId "2191150456894978"]
[EventDate "2025.01.08"]
[EventType "swiss"]
[EventRounds "4"]
[EventCountry "CAN"]

1. e4 e5 2. Nf3 d6 3. Bc4 Be7 4. d3 Nf6 5. O-O Nc6 6. Be3 O-O 7. c3 h6 8. Nbd2 Be6 9. Bb3 Bxb3 10. axb3 a6 11. Qc2 Ng4 12. d4 Nxe3 13. fxe3 Bg5 14. Qd3 Bf6 15. g3 Qd7 16. Kg2 Rad8 17. d5 Ne7 18. h3 g5 19. Nh2 Bg7 20. Rf2 f6 21. Raf1 Qe8 22. Ng4 Qg6 23. Qc4 Rc8 24. Qe2 h5 25. Nh2 Rf7 26. g4 h4 27. Rf3 c6 28. dxc6 Rxc6 29. c4 Rc8 30. Qd3 Rd8 31. c5 d5 32. Qc2 Nc6 33. Rf5 d4 34. Nhf3 Rdf8 35. Qc4 Ne7 36. Nxe5 Nxf5 37. exf5 Qh6 38. Nxf7 Rxf7 39. exd4 Bf8 40. Re1 Qg7 41. Ne4 Kh7 42. Nd6 Bxd6 43. cxd6 Rd7 44. Re7 Rxe7 45. dxe7 Qxe7 46. Qe6 Qc7 47. Qxf6 Qg3+ 48. Kf1 Qxh3+ 49. Ke2 Qxg4+ 50. Kd3 Qf3+ 51. Kd2 Qf4+ 52. Ke2 Qe4+ 53. Kf2 Qc2+ 54. Ke3 Qc1+ 1/2-1/2

[Event "Capricorne U1400"]
[Site "Chambly CAN"]
[Date "2025.01.29"]
[Round "4.15"]
[White "Capotorto, Michele"]
[Black "Lauzon, Francois"]
[Result "0-1"]
[WhiteElo "987"]
[BlackElo "1281"]
[WhiteFideId "-1"]
[WhiteFideId "-1"]
[PlyCount "42"]
[GameId "2191150456894980"]
[EventDate "2025.01.08"]
[EventType "swiss"]
[EventRounds "4"]
[EventCountry "CAN"]

1. e4 c5 2. Nc3 Nc6 3. Bc4 e6 4. d3 Nf6 5. Qf3 b6 6. Nge2 Bb7 7. O-O Ne5 8. Qf4 Bd6 9. Nb5 Bb8 10. Qg3 Nxc4 11. Qxg7 Rg8 12. Qh6 Rg6 13. Qh4 Ne5 14. Nf4 Nf3+ 15. Kh1 Nxh4 16. Re1 Bxf4 17. f3 Bxc1 18. Nd6+ Ke7 19. Nxb7 Qc7 20. g3 Nxf3 21. Rexc1 Nxh2 0-1

[Event "Capricorne U1400"]
[Site "Chambly CAN"]
[Date "2025.01.29"]
[Round "4.16"]
[White "Coutu, Olivier"]
[Black "Monette, Andre"]
[Result "1/2-1/2"]
[WhiteElo "1254"]
[BlackElo "1099"]
[WhiteFideId "-1"]
[WhiteFideId "-1"]
[PlyCount "142"]
[GameId "2191150456894981"]
[EventDate "2025.01.08"]
[EventType "swiss"]
[EventRounds "4"]
[EventCountry "CAN"]

1. e4 e5 2. Nf3 Nc6 3. Bb5 Nf6 4. O-O Nxe4 5. Re1 d5 6. Nxe5 Qf6 7. Bxc6+ bxc6 8. Nf3 Bc5 9. d4 Bd6 10. Bg5 Qf5 11. Nc3 O-O 12. Bh4 Nxc3 13. bxc3 Bd7 14. Bg3 Bxg3 15. hxg3 Qg4 16. Rb1 Rfe8 17. Rb7 Rxe1+ 18. Qxe1 Re8 19. Qd2 f6 20. Rxc7 Rb8 21. Qf4 Rb1+ 22. Kh2 Qh5+ 23. Qh4 Qf7 24. Rxa7 h5 25. Ne5 fxe5 26. Qd8+ Kh7 27. Qxd7 Qxd7 28. Rxd7 e4 29. a4 Rb2 30. Rc7 Rxc2 31. Rxc6 Rxf2 32. a5 e3 33. Re6 e2 34. a6 e1=Q 35. Rxe1 Ra2 36. Re5 Ra5 37. a7 g6 38. a8=Q Rxa8 39. Rxd5 Rc8 40. Rc5 Re8 41. c4 Re4 42. d5 Re5 43. Rc8 Kg7 44. Rd8 Kf7 45. c5 Ke7 46. Rd6 g5 47. Kg1 Re1+ 48. Kf2 Rc1 49. Re6+ Kf7 50. Ke2 Rc2+ 51. Kd3 Rxc5 52. Kd4 Ra5 53. Ke5 Rb5 54. Rh6 Ra5 55. Rxh5 Kg6 56. Rh8 Rb5 57. Ke6 Kg7 58. Rc8 Rb2 59. d6 Re2+ 60. Kd7 Kf7 61. Kc7 Rc2+ 62. Kd7 Rxg2 63. Rc3 Rd2 64. Rf3+ Kg6 65. Kd8 Rxd6+ 66. Ke7 Rd4 67. Rb3 Kh5 68. Kf6 Rd5 69. Rb4 Rd3 70. g4+ Kh4 71. Rb5 Rd4 1/2-1/2